| 000 | 00624nam a2200205 a 4500 | ||
|---|---|---|---|
| 001 | 000901001 | ||
| 003 | AM-YeHGA | ||
| 005 | 20250617161025.0 | ||
| 008 | 120620s1963 ||||||||||||||||||||rus|c | ||
| 040 | _aAM-YeHGA | ||
| 041 | 0 | _arus | |
| 100 | 1 | _aГенес, Семен Григорьввич | |
| 245 | 1 | 0 |
_aСахарный диабет / _cС. Г. Генес. |
| 250 | _a5-изд., пер. и дополн. | ||
| 260 |
_aМосква : _bМедгиз, _c1963. |
||
| 300 |
_a378 с. : _bил. ; _c28 см. |
||
| 650 | 1 | 4 |
_aДиабет сахарный _xДиагноз |
| 650 | 1 | 4 | _aИнсулин |
| 090 | _c467411 | ||
| 999 |
_c464219 _d464219 |
||